The monkey and the demon

Bibliographic Details
Format: Book
Published: India : Penguin Books , 2003
Series:Ladybird favourite tales
Subjects:

MARC

LEADER 00000cam a2200000 7i4500
001 0000003219
005 20220105103943.0
008 070717
020 |a 1844227375 
090 0 0 |a JP   |b FT ENG (4507) 
245 0 4 |a The monkey and the demon   |c Retelling by Meera Uberoi 
260 |a India :   |b Penguin Books ,   |c 2003 
440 |a Ladybird favourite tales 
500 |a Children age 4-6 years old (yellow) 
650 0 |a Fairy tale 
650 0 |a Junior preschool   |x English   |x Languages 
999 |a 0000964871   |b Book   |c Children Collection   |e Perbadanan Perpustakaan Awam Johor 
999 |a 0000964872   |b Book   |c Children Collection   |e Perbadanan Perpustakaan Awam Johor 
999 |a 0000964873   |b Book   |c Children Collection   |e Perbadanan Perpustakaan Awam Johor